Le Top10 des youtubeurs qui contiennent le plus d'abonné - Statistiques

Statistiques générales
  • Ce quiz a été pris 159 fois
  • Le résultat moyen est 2 sur 10
Statistiques - réponses
Top10 Youtubeurs % Correct
1 MrBeast
100%
9 PewDiePie
19%
2 T-Series
19%
3 Cocomelon
9%
4 Set India
5%
5 Vlad and Niki
5%
6 Kids Diana Show
4%
7 Like Nastya
2%
10 WWE
2%
8 Zee Music Co.
2%
Aucun quiz correspondant
Distribution des résultats
% des personnes avec chaque résultat
Percentile par nombre de réponses
Votre historique - résultats
Vous n’avez pas pris ce quiz